000 00419nam a2200157Ia 4500
008 230917s9999||||xx |||||||||||||| ||und||
020 _cRS160
040 _e226734
_aMAIN
041 _aEnglish
082 _a340.072 D15L
100 _aDalal A S
245 0 _aLegal research methods in India
260 _aNew Delhi
_bThe bright law house
500 _a2057 13/05/2015 HBD15/6436 22/07/2015 Main Budget
942 _cBK
999 _c15332
_d15332